| 000 | 00381nam a22001457a 4500 | ||
|---|---|---|---|
| 005 | 20150916100956.0 | ||
| 008 | 150916b xxu||||| |||| 00| 0 eng d | ||
| 040 | _cPK-LaUMT | ||
| 082 |
_aKHC 954.918 _bABB-S |
||
| 100 | _aAbbott, J. | ||
| 245 |
_aSind _ba re-Interpretation of the unhappy valley _cJ. Abbott |
||
| 260 |
_aLahore _bAl-Biruni _c1978 |
||
| 300 | _a113 p. | ||
| 942 | _cBK | ||
| 999 |
_c75836 _d75836 |
||